Pays - Anagrames - Statistiques

Statistiques générales
  • Ce quiz a été pris 971 fois
  • Le résultat moyen est 20 sur 40
Statistiques - réponses
Difficulté Anagramme Pays % Correct
5 GERCE Grèce
98%
4 MAIL Mali
98%
4 DINE Inde
97%
5 CHIEN Chine
96%
4 OLAS Laos
95%
5 BILAN Liban
95%
5 MACRO Maroc
90%
6 REUSSI Russie
83%
6 ISSUES Suisse
81%
5 PANEL Népal
78%
5 PROUE Pérou
73%
7 AMIBIEN Namibie
72%
7 LIBERAI Liberia
70%
6 BIERES Serbie
62%
6 LIBRES Brésil
60%
5 METAL Malte
56%
6 SALOPA Palaos
54%
5 TANGO Tonga
54%
7 GALERIE Algérie
53%
7 INGERAI Nigeria
53%
6 BIGAME Gambie
49%
6 BRUINE Brunei
46%
8 QUEUTERA Equateur
37%
7 INUITES Tunisie
31%
8 AUMONIER Roumanie
29%
6 RELAIS Israël
27%
7 SANGLEE Sénégal
26%
8 NIMBERAI Birmanie
21%
7 COTERAI Croatie
21%
8 NOVELISE Slovénie
21%
8 RECHUTAI Autriche
20%
9 SALUTAIRE Australie
19%
7 SOMNOLA (Iles) Salomon
19%
8 ETOILENT Lettonie
19%
7 MANIERE Arménie
18%
9 ENGRENAIT Argentine
17%
7 DERANGE Grenade
17%
7 HIBERNA Bahreïn
15%
8 NUMERISA Suriname
12%
9 SUSTENTAI Etats-Unis
7%
Aucun quiz correspondant
Distribution des résultats
% des personnes avec chaque résultat
Percentile par nombre de réponses
Votre historique - résultats
Vous n’avez pas pris ce quiz